007070000a220012100045001000030000002450066000303000051000965200278001477730045004259420008004709520090004789990017005681 aGonzález A, Juan Carlos10aElla sabía enamorarlos : El centenario de Katharine Hepburn aVol.0, núm.19 (Abril, 2007), Páginas 22-23 a'El veneno de las taquillas', como la llamaron en la década de los años treinta del siglo pasado, cumple un centenario de su natalicio este 12 de mayo. ¿Por qué puso de rodillas a Hollywood y se convirtió en el amor de toda una generación? Homenaje a una diva.0 tArcadia / Andrés Felipe Solano, Editor cANA 001040708HEMaFUSBCbFUSBCd2016-01-26l0o r2016-01-26 00:00:00w2016-01-26yANA c62093d62093